Регионална библиотека "Любен Каравелов" - Русе

Хора (Запис номер 423634)

MARC детайли
000 -Лидер
Контролно поле с фиксирана дължина nam a22 a 4500
003 - Код на организацията, давaща контролен номер
Контролно поле BLK
005 - Дата и час на последна редакция
Контролно поле 20210713120721.0
008 - Елементи от данни с фиксирана дължина
fixed length control field 200316b bul|||||r ||||||| ||bul||
040 ## - Източник на каталожния запис
Идентификатор на билиотеката - собственик на записа BLK
041 ## - Код за език
Код за езика на текст/звукозапис или на отделно заглавие Български
Код за езика КДБФ Български
080 ## - УДК
Текстов определител УДК Унгарска литература
УДК код - определител по УДК 821.511.141
УДК определител -31
УДК - код + определител 821.511.141-31
100 ## - Редна дума - Автор
Автор Сабо, Паал
Авторска отговорност първи автор
R(LIN) 1299
139 ## - Редно поле
Редна дума Сабо, Паал
245 10 - Сведения за заглавието
Заглавие Хора
Редно поле (дума) Паал Сабо; прев. от фр. Илия Младеновски Сланщанец.
257 ## - Страна на издаване
Страна на създаване/издаване България
260 ## - Област на издателските данни
Място на издаване, разпространение и проч. София
Име на издателя, разпространителя и проч. Славчо Атанасов
Година на издаване 1944
Печатница София : Фар
9 (RLIN) 212911
300 ## - Физическа характеристика
Страници 268 с.
Размери/Мащаб 19 см
380 ## - Жанр
Жанр Худож. лит.
490 ## - СЕРИИ (Колекции)
Име на серия Библиотека Златни зърна
№: серия Г. VIII, кн. 5
9 (RLIN) 201618
700 ## - Други автори (авторска отговорност)
Лично име Младеновски-Сланщанец, Илия
Автороска отговорност (Описва отношението между автора и произведението) прев. от фр.
9 (RLIN) 1177
852 ## - Местоположение
Форматна сигнатура Цб 8.185.6696
Фондова буква Основен фонд - ползва се само за читалня
856 4# - Електронен адрес и достъп
Електронен формат pdf - файл
Път до файла /url/
856 4# - Електронен адрес и достъп
Електронен формат pdf - файл
Път до файла /url/
999 ## - СИСТЕМНИ КОНТРОЛНИ НОМЕРА
Koha biblionumber 423634
Koha biblioitemnumber 423634
942 ## - АРТИКУЛИ
Вид на библиотечния материал Книги
Скрит в OPAC Не
Периодичен библиозапис Да
944 ## - СЪЗДАВАНЕ И РЕДАКЦИЯ на ЗАПИСА
Създаване/Редакция Създаване
Дата на регистрацията/редакция 2021-07-13
Служител, извършил регистрацията/редакцията Микаела Микова-Илиева
999 ## - СИСТЕМНИ КОНТРОЛНИ НОМЕРА
Koha biblioitemnumber 423634
999 ## - СИСТЕМНИ КОНТРОЛНИ НОМЕРА
Koha biblioitemnumber 525413
Наличности
Код за отписване Код за изгубен артикул Източник на класификационната схема Код за повреда Коз за рестрикции Код за отдаване Артикулен № Име на библиотеката - собственик Име на библиотеката, в която се намира в момента Статус (Текущо местоположение) Дата на вписване в системата Местоположение - отдел Цена в лева Инвентарен номер Систематично азбучна сигнатура Баркод Цена в евро Служебен тип на артикула
  Не е изгубен Universal Decimal Classification Не е повреден само за читалня ползва се в читалня 843287 Регионална библиотека "Любен Каравелов" Русе Регионална библиотека "Любен Каравелов" Русе Хранилище 2021-07-16 Основен фонд - ползва се само за читалня 0.22 6696-а Цб 8.185.6696 900000069680 0.11 Книги
Vip Innovations Ltd, Rousse, Bulgaria 2025